00229 a2200109 4500001000700000020000600007040001100013100001700024240003700041245003200078362000900110162501 a  cMagnum aRegina, Tia.10aChico rei - casaca de ferrolpor10aChico rei - casaca de ferro0 a1899